| 000 | 01538nam a22001577a 4500 | ||
|---|---|---|---|
| 041 | _aukr | ||
| 080 | _a09 | ||
| 090 | _bСІК | ||
| 100 | _aСікунка С.В. | ||
| 245 | _aНевербальні засоби спілкування в умовах міжкультурної комунікації | ||
| 260 |
_aОстрог _bКАФ _c2013 |
||
| 300 | _a54 | ||
| 520 |
_aРозділ 1.Теоретико-методологічні засади дослідження невербальних засобів спілкування в умовах міжкультурної комунікації.
1.1. Поняття та сутність міжкультурної комунікації.
1.2. Сутність невербального спілкування.
1.3. Невербальні засоби в міжкультурній комунікації.
Розділ 2. Особливості застосування невербальних засобів у міжкультурній комунікації.
2.1. Особливості особистісного простору британців та українців.
2.2. Характеристика жестів та міміки в британській та українській культурах.
Розділ 3. Соціальна спрямованість перебудови управління умовами праці. _0Жести, міміка, Британія, Україна, культура |
||
| 650 | _aResearch Papers | ||
| 999 |
_c285173 _d285173 |
||
| 942 | _cBK | ||